لهجات الهربية القديمة في غرب الجزيرة العربية / (رقم التسجيلة. 82071)
[ عرض عادي ]
| 000 -LEADER | |
|---|---|
| fixed length control field | 00647nam a22001937a 4500 |
| 005 - DATE AND TIME OF LATEST TRANSACTION | |
| control field | 20251108172536.0 |
| 008 - FIXED-LENGTH DATA ELEMENTS--GENERAL INFORMATION | |
| fixed length control field | 250721s9999 xx 000 0 ara d |
| 082 14 - DEWEY DECIMAL CLASSIFICATION NUMBER | |
| Classification number | م.417.9566راب |
| 100 1# - MAIN ENTRY--PERSONAL NAME | |
| Personal name | رابين، تشيم |
| 245 10 - TITLE STATEMENT | |
| Title | لهجات الهربية القديمة في غرب الجزيرة العربية / |
| 264 1# - PRODUCTION, PUBLICATION, DISTRIBUTION, MANUFACTURE, AND COPYRIGHT NOTICE | |
| Place of production, publication, distribution, manufacture | بيروت : |
| Name of producer, publisher, distributor, manufacturer | المؤسسة العربية للدراسات، |
| 300 ## - PHYSICAL DESCRIPTION | |
| Extent | 438 ص |
| 650 17 - SUBJECT ADDED ENTRY--TOPICAL TERM | |
| Topical term or geographic name as entry element | اللغة العربية |
| 650 17 - SUBJECT ADDED ENTRY--TOPICAL TERM | |
| Topical term or geographic name as entry element | اللهجات |
| 650 17 - SUBJECT ADDED ENTRY--TOPICAL TERM | |
| Topical term or geographic name as entry element | شبه الجزيرة العربية |
| 700 1# - ADDED ENTRY--PERSONAL NAME | |
| Personal name | مجاهد، عبدالكريم |
| Relator term | مترجم |
| 942 ## - ADDED ENTRY ELEMENTS (KOHA) | |
| Source of classification or shelving scheme | Dewey Decimal Classification |
| Koha item type | مراجع |
| حالة السحب | حالة الفقدان | مصدر التصنيف | حالة التلف | غير قابل للإعارة | المكتبة الرئيسية | المكتبة الحالية | موقع الرف | تاريخ التزويد | الرقم المتسلسل | Total Checkouts | رقم الإستدعاء | الباركود | تاريخ آخر ظهور | تاريخ الفاتورة | نوع المادة (كوها) |
|---|---|---|---|---|---|---|---|---|---|---|---|---|---|---|---|
| Dewey Decimal Classification | Not For Loan | مكتبة البراعم الواعدة | مكتبة البراعم الواعدة | مراجع | 19/05/2018 | 1653796 | م.417.9566راب | PLD00421296 | 28/07/2025 | 19/05/2018 | مراجع |